[Event "Paracin Winter op"]
[Site "Paracin"]
[Date "2019.01.31"]
[Round "1"]
[White "Dimitrijevic, Nenad"]
[Black "Tuovic, Milos"]
[Result "1-0"]
[WhiteElo "2163"]
[BlackElo "1717"]
[PlyCount "63"]
[EventDate "2019.01.31"]
[EventType "swiss"]
[EventRounds "9"]
[EventCountry "SRB"]
[SourceTitle "CBM 188 Extra"]
[Source "ChessBase"]
[SourceDate "2019.02.26"]
[SourceVersion "1"]
[SourceVersionDate "2019.02.26"]
[SourceQuality "1"]

1. Nf3 d5 2. g3 c5 3. Bg2 Nc6 4. 0-0 e5 5. c4 d4 6. d3 Nf6 7. e3 Bd6 8. exd4 cxd4 9. Re1 0-0 10. a3 a5 11. Bg5 h6 12. Bxf6 Qxf6 13. Nbd2 Bf5 14. Ne4 Qe7 15. Nh4 Bc8 16. Nxd6 Qxd6 17. Qh5 g5 18. Nf3 Bf5 19. h4 Bxd3 20. hxg5 Rae8 21. Nd2 Re6 22. Ne4 Bxe4 23. Bxe4 Ne7 24. Kg2 f5 25. gxf6 Rexf6 26. f3 Nf5 27. Rad1 Qb6 28. Rd2 Kg7 29. Kh2 Qc7 30. g4 Ne7 31. g5 hxg5 32. Qh7# 1-0

[Event "SRB-chT3 East"]
[Site "Serbia"]
[Date "2017.10.13"]
[Round "8.2"]
[White "Tuovic, Milos"]
[Black "Korbovljanovic, Natasa"]
[Result "0-1"]
[WhiteElo "1699"]
[BlackElo "1847"]
[PlyCount "91"]
[EventDate "2017.09.03"]
[EventType "team-tourn"]
[EventRounds "11"]
[EventCountry "SRB"]
[SourceTitle "EXT 2022"]
[Source "ChessBase"]
[SourceDate "2021.10.06"]
[SourceVersion "1"]
[SourceVersionDate "2021.10.06"]
[SourceQuality "1"]

1. Nc3 Nf6 2. e4 e5 3. Bc4 Bc5 4. Nf3 d6 5. h3 c6 6. d3 h6 7. 0-0 0-0 8. Na4 Bb4 9. a3 Ba5 10. b4 Bc7 11. Nc3 b5 12. Bb3 a5 13. bxa5 Bxa5 14. Bb2 Nbd7 15. a4 b4 16. Ne2 Nc5 17. Bc4 Ba6 18. Nd2 Bb6 19. Bb3 Nxb3 20. Nxb3 Bc8 21. Kh2 Nh5 22. f4 exf4 23. Nxf4 Nxf4 24. Rxf4 Qg5 25. Rf3 Bc7 26. Qe1 f6 27. Kh1 d5 28. Qxb4 Re8 29. Raf1 Qh4 30. Qc5 Bg4 31. Re3 Bg3 32. Rxg3 Qxg3 33. hxg4 Qxg4 34. Qxc6 dxe4 35. dxe4 Qe2 36. Kg1 Qe3+ 37. Kh2 Qe2 38. Rf5 Rac8 39. Qd5+ Kh8 40. Nd4 Qg4 41. g3 Rxe4 42. a5 Rxc2+ 43. Nxc2 Re2+ 44. Kg1 Qxg3+ 45. Kf1 Rxc2 46. Rf3 0-1

[Event "SRB-chT3 East"]
[Site "Serbia"]
[Date "2017.10.12"]
[Round "6.4"]
[White "Stojanovic, Sreten"]
[Black "Tuovic, Milos"]
[Result "1-0"]
[WhiteElo "2065"]
[BlackElo "1699"]
[PlyCount "101"]
[EventDate "2017.09.03"]
[EventType "team-tourn"]
[EventRounds "11"]
[EventCountry "SRB"]
[SourceTitle "EXT 2022"]
[Source "ChessBase"]
[SourceDate "2021.10.06"]
[SourceVersion "1"]
[SourceVersionDate "2021.10.06"]
[SourceQuality "1"]

1. e4 e5 2. Nf3 Nc6 3. Bb5 Bc5 4. c3 d6 5. d4 exd4 6. Nxd4 Bd7 7. Bxc6 Bxc6 8. Nxc6 bxc6 9. Qg4 Qf6 10. f3 h5 11. Qg3 h4 12. Qg4 Nh6 13. Qg5 Qxg5 14. Bxg5 f6 15. Bxh4 Ng4 16. fxg4 Rxh4 17. h3 0-0-0 18. Nd2 Re8 19. 0-0-0 Be3 20. Rde1 Bxd2+ 21. Kxd2 Re5 22. Rhf1 Rh8 23. Rf5 Rhe8 24. Rxe5 Rxe5 25. Re3 Kd7 26. c4 Ra5 27. a3 Ke6 28. Kd3 Ke5 29. Rf3 g6 30. h4 d5 31. exd5 cxd5 32. h5 Ke6 33. h6 Kf7 34. Re3 Rc5 35. Re8 Kxe8 36. h7 Rxc4 37. h8Q+ Kf7 38. Qh7+ Ke6 39. Qg8+ Kd6 40. Qf8+ Ke6 41. b3 Rc1 42. Qg8+ Ke5 43. Qxg6 Rf1 44. g5 c5 45. Qe8+ Kd6 46. Qf8+ Ke5 47. gxf6 Rxf6 48. Qxc5 Rf7 49. g4 Rf3+ 50. Ke2 Rxb3 51. g5 1-0

[Event "SRB Central-ch op-B 6th"]
[Site "Paracin"]
[Date "2013.07.08"]
[Round "4"]
[White "Djuretanovic, Ivan"]
[Black "Tuovic, Milos"]
[Result "1-0"]
[WhiteElo "2042"]
[BlackElo "1847"]
[PlyCount "47"]
[EventDate "2013.07.05"]
[EventType "swiss"]
[EventRounds "9"]
[EventCountry "SRB"]
[SourceTitle "CBM 155 Extra"]
[Source "ChessBase"]
[SourceDate "2013.08.26"]
[SourceVersion "1"]
[SourceVersionDate "2013.08.26"]
[SourceQuality "1"]

1. e4 d5 2. exd5 Qxd5 3. Nc3 Qd8 4. Bc4 Nf6 5. d4 e6 6. Nf3 Be7 7. Bf4 Nh5 8. Be3 c6 9. Qe2 b5 10. Bd3 Qc7 11. Ne5 Nf6 12. Qf3 Bb7 13. Ne4 h6 14. Qg3 Bf8 15. Nc5 Na6 16. Nxe6 Bb4+ 17. c3 Bxc3+ 18. bxc3 fxe6 19. Qg6+ Kf8 20. Bf4 c5 21. 0-0 c4 22. Bc2 Nd5 23. Qxe6 g5 24. Ng6+ 1-0